|
|
|
|
| LEADER |
00000cam a2200000 7i4500 |
| 001 |
0000091999 |
| 005 |
20230720093811.0 |
| 008 |
|
| 020 |
|
|
|a 9789670068039 (
|q (paperback))
|
| 040 |
|
|
|e rda
|
| 041 |
|
|
|a Malay
|
| 090 |
0 |
0 |
|a EDU
|b MAL
|
| 100 |
1 |
|
|a Jayakumary Marimuthu, Dr., ,
|d 1975- ,
|e (author)
|
| 245 |
1 |
0 |
|a Saya Mahir Bandingan Dan Bidalan
|c Dr. Jayakumary Marimuthu
|
| 264 |
|
1 |
|a Kuching, Sarawak :
|b Anugerah Publication
|c 2023
|
| 300 |
|
|
|a 46 pages :
|b color illustrations ;
|c 21.5 cm.
|
| 336 |
|
|
|a text
|2 rdacontent
|
| 337 |
|
|
|a unmediated
|2 rdamedia
|
| 338 |
|
|
|a volume
|2 rdacarrier
|
| 490 |
1 |
|
|a Graphic library
|
| 500 |
|
|
|a Children ages 7-9 years old (orange)
|
| 541 |
|
|
|c Purchased on 2023
|f 3248 AKIZ
|h RM26.50
|
| 650 |
|
0 |
|a Malay language
|x Usage
|
| 650 |
|
0 |
|a Maxims
|
| 650 |
|
0 |
|a Proverbs, Malay
|
| 730 |
0 |
|
|a Title
|
| 999 |
|
|
|a 0001729964
|b Book
|c Children Collection
|e Cawangan Urban Transformation Centre
|
| 999 |
|
|
|a 0001729965
|b Book
|c Children Collection
|e Cawangan AEON Kulaijaya
|
| 999 |
|
|
|a 0001729966
|b Book
|c Children Collection
|e Perbadanan Perpustakaan Awam Johor
|
| 999 |
|
|
|a 0001729967
|b Book
|c Children Collection
|e Cawangan Muar
|
| 999 |
|
|
|a 0001729968
|b Book
|c Children Collection
|e Perbadanan Perpustakaan Awam Johor
|
| 999 |
|
|
|a 0001729969
|b Book
|c Children Collection
|e Cawangan Bukit Gambir
|
| 999 |
|
|
|a 0001729970
|b Book
|c Children Collection
|e Cawangan Batu Pahat
|
| 999 |
|
|
|a 0001729971
|b Book
|c Children Collection
|e Cawangan Kota Tinggi
|
| 999 |
|
|
|a 0001729972
|b Book
|c Children Collection
|e Cawangan Pontian
|
| 999 |
|
|
|a 0001729973
|b Book
|c Children Collection
|e Cawangan Segamat
|
| 999 |
|
|
|a 0001729974
|b Book
|c Children Collection
|e Cawangan Tangkak
|
| 999 |
|
|
|a 0001729975
|b Book
|c Children Collection
|e Cawangan Bandar Tenggara
|
| 999 |
|
|
|a 0001729976
|b Book
|c Children Collection
|e Cawangan Bandar Penawar
|
| 999 |
|
|
|a 0001729977
|b Book
|c Children Collection
|e Cawangan Taman Sri Lambak
|
| 999 |
|
|
|a 0001729978
|b Book
|c Children Collection
|e Cawangan Mersing
|
| 999 |
|
|
|a 0001729979
|b Book
|c Children Collection
|e Cawangan Tmn. Ungku Tun Aminah
|
| 999 |
|
|
|a 0001729980
|b Book
|c Children Collection
|e Cawangan Taman Universiti
|